Just the basics, please : a quick review of math for introductory statistics
Αποθηκεύτηκε σε:
| Κύριος συγγραφέας: | |
|---|---|
| Άλλοι συγγραφείς: | |
| Μορφή: | Βιβλίο |
| Γλώσσα: | English |
| Δημοσίευση: |
Belmont :
Duxbury Press,
c1996
|
| Θέματα: | |
| Ετικέτες: |
Προσθήκη ετικέτας
Δεν υπάρχουν, Καταχωρήστε ετικέτα πρώτοι!
|
MARC
| LEADER | 00000nam a2200000 i 4500 | ||
|---|---|---|---|
| 001 | 1/90788 | ||
| 008 | 991001s1996 eng d | ||
| 020 | |a 0-534-50691-7 | ||
| 035 | |l 10053267 | ||
| 040 | |a GR-MY-UA |b gre |e aacr | ||
| 041 | 0 | |a eng | |
| 082 | 0 | |a 512.1 | |
| 100 | 1 | |a Shiffler, Ronald E. | |
| 245 | 1 | 0 | |a Just the basics, please : |b a quick review of math for introductory statistics / |c Ronald E. Shiffler, Arthur J. Adams |
| 260 | |a Belmont : |b Duxbury Press, |c c1996 | ||
| 300 | |a 161 p. | ||
| 504 | |a Includes indexes | ||
| 650 | 0 | 0 | |a Mathematics. |
| 700 | 1 | |a Adams, Arthur J. | |
| 852 | |a INST |b LESVOS |e 19991001 |h 512.1 SCH |p 005100018962 |q 005100018962 |t BK |y 0 | ||
| 901 | |a BIBL1-1999-3 | ||
| 909 | |a Λ |b 066571 | ||
| 922 | |a 1ΕΛΗ |b 199907 |c ΚΠΣ/ΤΓ |d LEADER | ||
| 950 | |a 118-1998-10-19 | ||
| 970 | |a ΜΟΥΣΤΑΚΑ |b ΠΗΝΕΛΟΠΗ |z 1999/11/27 | ||